00601nmm a2200169Ia 4500008004100000020001800041041000800059100001900067245012000086264004400206300001800250490007200268650001600340856005100356942000700407999001700414251105s9999||||xx |||||||||||||||||und|| a9788476589724 aspa aCohen, Hermann 0aEl concepto de la religión en el sistema de la filosofía :b Der Begriff der Religion im System der Philosophie a[Madrid, España] :bAnthropos, c2010 a219 páginas aPensamiento crítico / Pensamiento utópico: crítica y utopía aReligion(s) uhttps://public.digitaliapublishing.com/a/13323 cCF c85278d85278